000 00603nam a22002417a 4500
003 UA-OsUOA
001 125136
007 ta
008 20170907b un ||||| |||| 00| 0 ukr d
100 _aБэнкс И.
090 _a821.161.1
_bБ97
942 _cBK
040 _aUA-OsUOA
_brus
_cUA-OsUOA
_dUA-OsUOA
245 _aПеснь камня
300 _a240 с.
955 _a3
041 _arus
080 _a821.161.1
020 _a5-699-08113-5
260 _aСПб.
_bДомино
_c2004
650 7 _a82 Література. Літературознавство
_2UDC
999 _c412349
_d412349